000 00517nam a2200181Ia 4500
999 _c14670
_d14670
003 OSt
005 20201016130940.0
008 190216s9999||||xx |||||||||||||| ||und||
020 _a9789381626719
040 _coclc
082 _a338.0954
_bBAN/S
100 _aBansal, Rashmi
_95813
245 0 _aStay Hungry Stay Foolish /
_cRashmi Bansal
260 _bWestland,
_c2012.
_aNew Delhi:
300 _a362p
650 _aEnglish-Biography
942 _cBK
_2ddc
_h338.0954
_iBAN/S
_k338.0954
_mBAN/S